|
|
|
|
| LEADER |
00000nab a2200000 a 4500 |
| 001 |
vtls000875745 |
| 003 |
SK-MaSNL |
| 005 |
20260304121829.0 |
| 008 |
250429c2004 xo 0 slo |
| 015 |
|
|
|a SNBRB2004/06-18153
|
| 035 |
|
|
|a CLN000227297
|
| 035 |
|
|
|a urn:nbn:sk:snk-absne
|
| 035 |
|
|
|a (urnnbn)urn:nbn:sk:snk:ar-a04wz7
|
| 035 |
|
|
|a (uuid)d118da56-cfcd-4343-b770-34d63b812718
|
| 040 |
|
|
|a SNKBUCL
|b slo
|c SNKBUCL
|e AACR2
|
| 041 |
0 |
|
|a cze
|
| 044 |
|
|
|a xo
|c SK
|
| 080 |
|
|
|a 629.78
|2 1997
|
| 100 |
1 |
|
|a Přibyl, Tomáš,
|d 1975-
|4 aut
|9 233267
|
| 245 |
1 |
0 |
|a Kozmonautika v roce 2003
|c Tomáš Přibyl
|
| 300 |
|
|
|b Fotogr.
|
| 648 |
|
7 |
|a 2003
|2 SNK
|9 301018
|
| 650 |
0 |
7 |
|a kozmonautika
|2 SNKPH
|9 23272
|
| 655 |
|
7 |
|a články z novín a časopisov
|2 SNK
|9 267496
|
| 773 |
0 |
|
|t Kozmos
|g Roč. 35, č. 1 (2004), s. 21-23
|x 0323-049X
|
| 850 |
|
|
|a Slovenská národná knižnica
|
| 852 |
|
|
|a Slovenská národná knižnica
|
| 954 |
|
|
|a odborná, vedecká literatúra cudzojazyčná (svetová)
|2 lita
|
| 958 |
|
|
|a article27
|
| 958 |
|
|
|a OND
|
| 958 |
|
|
|a EUIPO
|
| 999 |
|
|
|c 2887261
|d 2889191
|